000 00964pam a2200265 a 4500
001 1034
005 20250619125533.0
020 _a9780439071680
040 _aDLC
_cDLC
_dDLC
_beng
050 0 0 _aPZ7.D2394
_bAlh 1998
082 0 0 _aFic
_221
100 1 _aDanziger, Paula,
_d1944-2004.
245 1 0 _aAmber Brown is feeling blue /
_cPaula Danziger ; illustrated by Tony Ross.
260 _aNew York :
_bScholastic
_c1998.
300 _a130 pages :
_billustrations ;
_c20 cm
505 _aR
520 _aNine-year-old Amber Brown faces further complications because of her parents' divorce when her father plans to move back from Paris and she must decide which parent she will be with on Thanksgiving.
521 _a680
_bLexile
521 _aR
_bRaz-Plus
650 1 _aDivorce
_xFiction.
650 1 _aParent and child
_xFiction.
700 1 _aRoss, Tony,
_eillustrator.
906 _a7
_bcbc
_corignew
_d1
_eocip
_f19
_gy-gencatlg
942 _2ddc
_cBK
_n0
999 _c1034
_d1034